Statistiques concernant Députés Socialistes et apparentés (membre de l’intergroupe NUPES)

Cliquez ici pour prendre le quiz!

Statistiques générales

  • Ce quiz a été pris 24 fois
  • Le résultat moyen est 6 sur 31

Statistiques - réponses

CirconscriptionNom% Correct
Seine-et-Marne 11Olivier Faure
91%
Landes 3Boris Vallaud
68%
Essonne 6Jérôme Guedj
50%
Calvados 2Arthur Delaporte
41%
Eure 4Philippe Brun
36%
Tarn-et-Garonne 1Valérie Rabault
32%
Puy-de-Dôme 2Christine Pires Beaune
23%
Pyrénées-Atlantiques 4Inaki Echaniz
23%
Mayenne 1Guillaume Garot
18%
Haute-Garonne 8Joël Aviragnet
18%
Manche 4Anna Pic
14%
Pas-de-Calais 8Bertrand Petit
14%
Saône-et-Loire 4Cécile Untermaier
14%
Orne 1Chantal Jourdan
14%
Seine-Saint-Denis 8Fatiha Keloua Hachi
14%
Seine-Maritime 5Gérard Leseul
14%
Ardèche 1Hervé Saulignac
14%
Isère 4Marie-Noëlle Battistel
14%
Haute-Vienne 2Stéphane Delautrette
14%
Gironde 4Alain David
9%
Guadeloupe 2Christian Baptiste
5%
Ille-et-Vilaine 3Claudia Rouaux
5%
Meurthe-et-Moselle 5Dominique Potier
5%
Val-de-Marne 9Isabelle Santiago
5%
Sarthe 2Marietta Karamanli
5%
Finistère 6Mélanie Thomin
5%
Ille-et-Vilaine 8Mickaël Bouloux
5%
Réunion 1Philippe Naillet
5%
Nord 11Roger Vicot
5%
Guadeloupe 4Elie Califer
0%
Martinique 3Johnny Hajjar
0%

Distribution des résultats

Percentile par nombre de réponses

% des personnes avec chaque résultat

Votre développement - résultats

Vous n’avez pas pris ce quiz